Virtuálna univerzita - správa nevirtuálnych prostriedkov - rezervačný podsystém

Gespeichert in:
Bibliographische Detailangaben
1. Verfasser: Kuľka, Pavol (Verfasst von)
Weitere Verfasser: Galbavý, Miroslav, 1954- (xxx)
Format: Manuskript Buch
Sprache:Slowakisch
Veröffentlicht: Bratislava : STU v Bratislave FIIT, 2005
Schlagworte:
Tags: Tag hinzufügen
Keine Tags, Fügen Sie das erste Tag hinzu!

MARC

LEADER 00000ntm a22000003a 4500
001 stu139553
005 20160720142859.9
008 070402s2005----xo------------------slo-d
040 |a STU  |b slo 
041 0 |a slo 
044 |a xo 
100 1 |a Kuľka, Pavol  |4 aut 
245 1 |a Virtuálna univerzita - správa nevirtuálnych prostriedkov - rezervačný podsystém 
260 |a Bratislava :  |b STU v Bratislave FIIT,  |c 2005 
300 |a 49 s  |c príl. 
650 7 |a informatika  |2 stusub 
700 1 |a Galbavý, Miroslav,  |d 1954-  |4 xxx  |u I300  |U FIIT Fakulta informatiky a informačných technológií  |T FIIT Ústav aplikovanej informatiky  |X 1936  |U I300  |Y 180  |7 A000001936 
996 |b IDP20/05  |c I*DP20/05  |l II680  |s A  |a 24  |w stu139553_0001